[Event "ITA-chT GpB 55th"]
[Site "Vasto"]
[Date "2024.04.11"]
[Round "6.16"]
[White "Pescatore, Lorenzo"]
[Black "Zawadzka, Jolanta"]
[Result "1/2-1/2"]
[WhiteElo "2358"]
[BlackElo "2351"]
[PlyCount "158"]
[EventDate "2024.04.08"]
[EventType "team-tourn"]
[EventRounds "7"]
[EventCountry "ITA"]
[SourceTitle "CB16_2024"]
[SourceDate "2024.04.17"]
[SourceVersion "1"]
[SourceVersionDate "2024.04.17"]
[SourceQuality "1"]
[WhiteTeam "Arrocco"]
[BlackTeam "Partenopea"]
[WhiteTeamCountry "ITA"]
[BlackTeamCountry "ITA"]

1. e4 c5 2. c3 d5 3. exd5 Qxd5 4. d4 g6 5. Nf3 Bg7 6. Na3 cxd4 7. Bc4 Qe4+ 8. Be3 Nh6 9. cxd4 0-0 10. Nb5 Nc6 11. Nc3 Qg4 12. h3 Qh5 13. Qd2 Ng4 14. 0-0 Nxe3 15. Qxe3 Bd7 16. Rfe1 e6 17. Rad1 Nb4 18. Bb3 Rad8 19. a3 Nd5 20. Nxd5 exd5 21. Ne5 Be6 22. g4 Qh4 23. Kg2 Rfe8 24. Qg3 Qxg3+ 25. Kxg3 Rc8 26. Rc1 Kf8 27. f4 b6 28. Kf3 Red8 29. Ke3 f6 30. Nd3 Ke7 31. Nb4 Kd6 32. Nd3 h5 33. Kf3 hxg4+ 34. hxg4 Rxc1 35. Rxc1 Rh8 36. Kg3 f5 37. Ne5 Bxe5 38. fxe5+ Kd7 39. Ba4+ Kd8 40. Rc6 Bc8 41. Rxg6 fxg4 42. Kf4 Rh2 43. Rg8+ Kc7 44. Rg7+ Kd8 45. e6 Bxe6 46. Ke5 Rh6 47. Bc6 Bc8 48. Bxd5 Bd7 49. Bc4 Kc7 50. d5 Rh5+ 51. Kd4 Kd6 52. Rg6+ Kc7 53. Rg7 Kd6 54. Rg6+ Kc7 55. d6+ Kc6 56. a4 a6 57. Bxa6 Rd5+ 58. Ke3 Rxd6 59. Bb5+ Kc5 60. b4+ Kd5 61. Rg5+ Ke6 62. Bxd7+ Kxd7 63. Rxg4 Kc6 64. Rc4+ Kb7 65. Rd4 Rh6 66. Kd3 Kc6 67. Kc4 b5+ 68. axb5+ Kb6 69. Rd5 Rh4+ 70. Kb3 Rh1 71. Rc5 Rb1+ 72. Kc3 Rc1+ 73. Kd4 Rd1+ 74. Kc4 Rc1+ 75. Kd5 Rd1+ 76. Ke5 Rb1 77. Rc8 Rxb4 78. Rb8+ Kc7 79. Rh8 Rxb5+ 1/2-1/2

[Event "Wroclaw POL-ROW (Women)"]
[Site "Wroclaw"]
[Date "2023.12.22"]
[Round "5.2"]
[White "Zawadzka, Jolanta"]
[Black "Stefanova, Antoaneta"]
[Result "1/2-1/2"]
[WhiteElo "2350"]
[BlackElo "2442"]
[PlyCount "39"]
[EventDate "2023.12.18"]
[EventType "team-schev"]
[EventRounds "5"]
[EventCountry "POL"]
[SourceTitle "CB52_2023"]
[SourceDate "2023.12.27"]
[SourceVersion "1"]
[SourceVersionDate "2023.12.27"]
[SourceQuality "1"]
[WhiteTeam "Poland"]
[BlackTeam "Rest of the World"]
[WhiteTeamCountry "POL"]

1. e4 e5 2. Nf3 Nc6 3. Nc3 Nf6 4. d4 exd4 5. Nxd4 Bb4 6. Nxc6 bxc6 7. Bd3 0-0 8. 0-0 d5 9. exd5 cxd5 10. Bg5 c6 11. Qf3 Be7 12. h3 Nd7 13. Bxe7 Qxe7 14. Rfe1 Qg5 15. Na4 Rb8 16. b3 Nb6 17. Nc5 Nd7 18. Na4 Nb6 19. Nc5 Nd7 20. Na4 1/2-1/2

[Event "Worclaw Litwinska Memorial KO"]
[Site "Wroclaw"]
[Date "2023.12.17"]
[Round "1.1"]
[White "Mammadova, Gulnar Marfat Qizi"]
[Black "Zawadzka, Jolanta"]
[Result "1-0"]
[WhiteElo "2350"]
[BlackElo "2350"]
[PlyCount "105"]
[EventDate "2023.12.17"]
[EventType "k.o. (rapid)"]
[EventRounds "4"]
[EventCountry "POL"]
[SourceTitle "CB52_2023"]
[SourceDate "2023.12.27"]
[SourceVersion "1"]
[SourceVersionDate "2023.12.27"]
[SourceQuality "1"]

1. e4 e5 2. Nf3 Nc6 3. Bb5 a6 4. Ba4 Bc5 5. c3 Nge7 6. 0-0 Ba7 7. d4 Ng6 8. Bg5 f6 9. Be3 0-0 10. Nbd2 d6 11. h3 Kh8 12. Bc2 Nce7 13. Re1 c6 14. Nf1 Be6 15. Ng3 Qd7 16. dxe5 fxe5 17. Ng5 Bxe3 18. fxe3 h6 19. Nxe6 Qxe6 20. Qh5 Qf6 21. Rf1 Qh4 22. Qxh4 Nxh4 23. Rad1 Rxf1+ 24. Nxf1 Rd8 25. Nd2 b5 26. Bb3 Nhg6 27. Nf3 Kh7 28. c4 Nc8 29. c5 Rf8 30. cxd6 Rd8 31. Bf7 Rxd6 32. Rxd6 Nxd6 33. Bxg6+ Kxg6 34. Nxe5+ Kf6 35. Nxc6 Nxe4 36. Kf1 Nc5 37. b4 Nd3 38. a3 Nb2 39. Ke2 Nc4 40. Nb8 a5 41. bxa5 Nxa5 42. Nd7+ Ke6 43. Nc5+ Kd5 44. Na6 Nc4 45. Nb4+ Ke4 46. Nc2 Ne5 47. Nd4 Nc4 48. Nxb5 Nxe3 49. g3 Nc4 50. a4 Kd5 51. Kf3 Kc5 52. Nc7 Kb4 53. Ke4 1-0

[Event "Worclaw Kurtyka Memorial"]
[Site "Wroclaw"]
[Date "2023.12.17"]
[Round "3"]
[White "Zawadzka, Jolanta"]
[Black "Rzadkowska, Lila"]
[Result "1-0"]
[WhiteElo "2350"]
[BlackElo "1221"]
[PlyCount "71"]
[EventDate "2023.12.17"]
[EventType "swiss"]
[EventRounds "5"]
[EventCountry "POL"]
[SourceTitle "CB52_2023"]
[SourceDate "2023.12.27"]
[SourceVersion "1"]
[SourceVersionDate "2023.12.27"]
[SourceQuality "1"]

1. e4 c5 2. Nf3 e6 3. c4 Nc6 4. d4 cxd4 5. Nxd4 a6 6. Nc3 Qc7 7. Be2 Nf6 8. 0-0 Bb4 9. Nxc6 bxc6 10. Qc2 d5 11. cxd5 cxd5 12. Qa4+ Bd7 13. Qxb4 Rb8 14. Qd4 Bc6 15. exd5 Bxd5 16. Bf4 Qb7 17. Nxd5 Nxd5 18. Bxb8 Qxb8 19. Qxg7 Ke7 20. Bf3 Rg8 21. Qd4 Rd8 22. Rfe1 Kf8 23. Rad1 Qb7 24. Rxe6 Kg8 25. Bxd5 Qxd5 26. Re8+ Rxe8 27. Qxd5 Kg7 28. Qg5+ Kf8 29. h4 Rc8 30. Qf6 Kg8 31. h5 h6 32. Qxh6 Re8 33. Rd3 f6 34. Rd7 Re7 35. Rxe7 f5 36. Qg7# 1-0

[Event "EU-chT (Women) 24th"]
[Site "Budva"]
[Date "2023.11.18"]
[Round "7.3"]
[White "Heinemann, Josefine"]
[Black "Zawadzka, Jolanta"]
[Result "1/2-1/2"]
[WhiteElo "2318"]
[BlackElo "2342"]
[PlyCount "35"]
[EventDate "2023.11.11"]
[EventType "team-swiss"]
[EventRounds "9"]
[EventCountry "MNE"]
[SourceTitle "CB47_2023"]
[SourceDate "2023.11.22"]
[SourceVersion "1"]
[SourceVersionDate "2023.11.22"]
[SourceQuality "1"]
[WhiteTeam "Germany (W)"]
[BlackTeam "Poland (W)"]
[WhiteTeamCountry "GER"]
[BlackTeamCountry "POL"]

1. e4 e5 2. Nf3 Nc6 3. Bb5 a6 4. Ba4 Nf6 5. 0-0 Nxe4 6. d4 b5 7. Bb3 d5 8. dxe5 Be6 9. Qe2 Nc5 10. Rd1 Nxb3 11. axb3 Be7 12. c4 b4 13. cxd5 Bxd5 14. Qd3 Be4 15. Qe2 Bd5 16. Qd3 Be4 17. Qe2 Bd5 18. Qd3 1/2-1/2

[Event "EU-chT (Women) 24th"]
[Site "Budva"]
[Date "2023.11.17"]
[Round "6.3"]
[White "Hryzlova, Sofiia"]
[Black "Zawadzka, Jolanta"]
[Result "1/2-1/2"]
[WhiteElo "2199"]
[BlackElo "2342"]
[PlyCount "101"]
[EventDate "2023.11.11"]
[EventType "team-swiss"]
[EventRounds "9"]
[EventCountry "MNE"]
[SourceTitle "CB47_2023"]
[SourceDate "2023.11.22"]
[SourceVersion "1"]
[SourceVersionDate "2023.11.22"]
[SourceQuality "1"]
[WhiteTeam "Switzerland (W)"]
[BlackTeam "Poland (W)"]
[WhiteTeamCountry "SUI"]
[BlackTeamCountry "POL"]

1. Nf3 d5 2. g3 Nf6 3. Bg2 e6 4. 0-0 Bd6 5. d4 0-0 6. c4 Nc6 7. b3 dxc4 8. bxc4 e5 9. c5 Be7 10. dxe5 Qxd1 11. Rxd1 Ne4 12. Ba3 Bxc5 13. Bxc5 Nxc5 14. Nc3 Bg4 15. Nd5 Bxf3 16. exf3 Nxe5 17. f4 Ned7 18. Nxc7 Rac8 19. Nb5 a6 20. Nd6 Rc7 21. Re1 Nf6 22. Rad1 g6 23. Nc4 Kg7 24. Nb6 Re8 25. Re5 Re6 26. Na8 Rc8 27. Rc1 Rxa8 28. Rexc5 Rb8 29. Bf3 b5 30. Rc7 Rd8 31. Ra7 Rd7 32. Rxd7 Nxd7 33. Rc7 Rd6 34. Kf1 Nb6 35. Ke1 Nc4 36. Bg4 Kf6 37. a4 Nb6 38. axb5 axb5 39. Rc5 b4 40. Rb5 Nd5 41. Bf3 Ke6 42. Bxd5+ Rxd5 43. Rxb4 h5 44. Ke2 Ra5 45. Rb3 Ra1 46. Kf3 Kf6 47. h3 Ra6 48. g4 hxg4+ 49. hxg4 Ra5 50. Rb6+ Kg7 51. Rb3 1/2-1/2

[Event "EU-chT (Women) 24th"]
[Site "Budva"]
[Date "2023.11.15"]
[Round "5.3"]
[White "Zawadzka, Jolanta"]
[Black "Sinitsina, Anastassia"]
[Result "1/2-1/2"]
[WhiteElo "2342"]
[BlackElo "2221"]
[PlyCount "83"]
[EventDate "2023.11.11"]
[EventType "team-swiss"]
[EventRounds "9"]
[EventCountry "MNE"]
[SourceTitle "CB47_2023"]
[SourceDate "2023.11.22"]
[SourceVersion "1"]
[SourceVersionDate "2023.11.22"]
[SourceQuality "1"]
[WhiteTeam "Poland (W)"]
[BlackTeam "Estonia (W)"]
[WhiteTeamCountry "POL"]
[BlackTeamCountry "EST"]

1. e4 e5 2. Nf3 Nc6 3. Bc4 Bc5 4. c3 Nf6 5. d4 exd4 6. cxd4 Bb4+ 7. Nbd2 Nxe4 8. d5 Ne7 9. 0-0 Nxd2 10. Nxd2 0-0 11. a3 Bxd2 12. Bxd2 d6 13. Re1 Ng6 14. Rc1 Bd7 15. Qb3 Qc8 16. Bd3 Ne5 17. Bf1 c5 18. dxc6 Bxc6 19. f4 Ng6 20. Bb4 Rd8 21. Ba5 Re8 22. Rxe8+ Qxe8 23. f5 Nh4 24. Re1 Qd7 25. f6 Qf5 26. Qg3 Qxf6 27. Bc3 Qh6 28. Bxg7 Nf3+ 29. Qxf3 Qxg7 30. Qf4 Re8 31. Rxe8+ Bxe8 32. Qxd6 Qxb2 33. Qg3+ Qg7 34. Qe3 Bc6 35. Qxa7 Qe5 36. Qb6 Kg7 37. h3 Qc3 38. Qa7 Qe5 39. Qf2 Qc3 40. Qa7 Qe5 41. Qf2 Qc3 42. Qa7 1/2-1/2

[Event "Bayern-chI Bank Hofmann 26th"]
[Site "Tegernsee"]
[Date "2023.11.05"]
[Round "9"]
[White "Heidel, Andre Nicolas"]
[Black "Zawadzka, Jolanta"]
[Result "0-1"]
[WhiteElo "2171"]
[BlackElo "2342"]
[PlyCount "64"]
[EventDate "2023.10.28"]
[EventType "swiss"]
[EventRounds "9"]
[EventCountry "GER"]
[SourceTitle "Mega2024 Update 01"]
[Source "Chessbase"]
[SourceDate "2023.11.12"]
[SourceVersion "1"]
[SourceVersionDate "2023.11.12"]
[SourceQuality "1"]

1. d4 Nf6 2. c4 g6 3. Nc3 Bg7 4. e4 d6 5. Nf3 0-0 6. h3 e5 7. d5 a5 8. Be3 Na6 9. g4 Nc5 10. Qc2 Bd7 11. Rg1 c6 12. 0-0-0 cxd5 13. Bxc5 dxc5 14. exd5 e4 15. Nd2 a4 16. a3 Qc7 17. Ndxe4 Nxe4 18. Qxe4 f5 19. d6 Qb6 20. Qd5+ Kh8 21. Nb5 fxg4 22. hxg4 Rxf2 23. Rd2 Rxd2 24. Qxd2 Bxb5 25. cxb5 Rd8 26. Qc2 Qxd6 27. Kb1 Qd4 28. Rg2 Qd1+ 29. Qc1 Qf3 30. Re2 Bh6 31. Qe1 Qd3+ 32. Ka1 Qd1+ 0-1

[Event "Bayern-chI Bank Hofmann 26th"]
[Site "Tegernsee"]
[Date "2023.11.04"]
[Round "8"]
[White "Zawadzka, Jolanta"]
[Black "Petrov, Nikita"]
[Result "0-1"]
[WhiteElo "2342"]
[BlackElo "2551"]
[PlyCount "62"]
[EventDate "2023.10.28"]
[EventType "swiss"]
[EventRounds "9"]
[EventCountry "GER"]
[SourceTitle "Mega2024 Update 01"]
[Source "Chessbase"]
[SourceDate "2023.11.12"]
[SourceVersion "1"]
[SourceVersionDate "2023.11.12"]
[SourceQuality "1"]

1. e4 c5 2. Nf3 Nc6 3. d4 cxd4 4. Nxd4 Nf6 5. Nc3 d6 6. Bg5 Bd7 7. Bxf6 gxf6 8. Be2 e6 9. 0-0 h5 10. Nxc6 bxc6 11. Kh1 h4 12. h3 Rb8 13. b3 d5 14. Qd3 Bd6 15. Rad1 Qc7 16. Bg4 Rd8 17. Ne2 Be7 18. c4 dxe4 19. Qc3 Qe5 20. Qxe5 fxe5 21. Nc3 f5 22. Be2 Bc5 23. Rc1 Ke7 24. Na4 Bd4 25. c5 Rhg8 26. Rc2 Rg7 27. Ba6 Rdg8 28. Rg1 Be8 29. b4 Bh5 30. Kh2 Bf3 31. g3 Bxf2 0-1

[Event "Bayern-chI Bank Hofmann 26th"]
[Site "Tegernsee"]
[Date "2023.11.03"]
[Round "7"]
[White "Raupp, Thomas"]
[Black "Zawadzka, Jolanta"]
[Result "0-1"]
[WhiteElo "2239"]
[BlackElo "2342"]
[PlyCount "52"]
[EventDate "2023.10.28"]
[EventType "swiss"]
[EventRounds "9"]
[EventCountry "GER"]
[SourceTitle "Mega2024 Update 01"]
[Source "Chessbase"]
[SourceDate "2023.11.12"]
[SourceVersion "1"]
[SourceVersionDate "2023.11.12"]
[SourceQuality "1"]

1. d4 Nf6 2. c4 g6 3. Nc3 Bg7 4. e4 d6 5. Be2 0-0 6. Be3 e5 7. d5 a5 8. g4 Na6 9. g5 Ne8 10. h4 f5 11. gxf6 Nxf6 12. h5 Nc5 13. hxg6 Ncxe4 14. Nxe4 Nxe4 15. gxh7+ Kh8 16. Bg4 Qf6 17. Nh3 Bh6 18. Bxh6 Qxh6 19. Bxc8 Raxc8 20. Qe2 Ng5 21. Qe3 Nf3+ 22. Kf1 Qh4 23. Rc1 Rf5 24. Rc3 Rcf8 25. b3 Rh5 26. Qe2 Qg4 0-1

[Event "POL-chT Ekstraliga"]
[Site "Lublin"]
[Date "2023.09.24"]
[Round "7.3"]
[White "Cyfka, Karina"]
[Black "Zawadzka, Jolanta"]
[Result "1/2-1/2"]
[WhiteElo "2351"]
[BlackElo "2347"]
[PlyCount "23"]
[EventDate "2023.09.18"]
[EventType "team-tourn"]
[EventRounds "9"]
[EventCountry "POL"]
[SourceTitle "EXT 2024"]
[Source "ChessBase"]
[SourceDate "2023.10.10"]
[SourceVersion "1"]
[SourceVersionDate "2023.10.10"]
[SourceQuality "1"]
[WhiteTeam "Legnica Miedz"]
[BlackTeam "Wroclaw Polonia"]
[WhiteTeamCountry "POL"]
[BlackTeamCountry "POL"]

1. e4 e5 2. Nf3 Nc6 3. Nc3 Nf6 4. d4 exd4 5. Nxd4 Bb4 6. Nxc6 bxc6 7. Bd3 0-0 8. 0-0 d5 9. exd5 cxd5 10. Bg5 c6 11. Qf3 h6 12. Bxf6 1/2-1/2

[Event "Rhodes Summer Cup"]
[Site "Rhodes"]
[Date "2023.08.29"]
[Round "9"]
[White "Zawadzka, Jolanta"]
[Black "Antal, Gergely"]
[Result "1/2-1/2"]
[WhiteElo "2347"]
[BlackElo "2558"]
[PlyCount "43"]
[EventDate "2023.08.21"]
[EventType "swiss"]
[EventRounds "9"]
[EventCountry "GRE"]
[SourceTitle "EXT 2024"]
[Source "ChessBase"]
[SourceDate "2023.10.10"]
[SourceVersion "1"]
[SourceVersionDate "2023.10.10"]
[SourceQuality "1"]

1. e4 c5 2. Nf3 Nc6 3. Bb5 g6 4. c3 Nf6 5. Qe2 a6 6. Bxc6 dxc6 7. 0-0 Bg7 8. d4 cxd4 9. cxd4 0-0 10. Nc3 Ne8 11. Bf4 Nc7 12. Rad1 Bg4 13. h3 Bxf3 14. Qxf3 Ne6 15. d5 Nxf4 16. Qxf4 Bxc3 17. dxc6 Qa5 18. cxb7 Rab8 19. bxc3 Rxb7 20. Qd2 Rc8 21. Rc1 Rbc7 22. Rfd1 1/2-1/2

[Event "Rhodes Summer Cup"]
[Site "Rhodes"]
[Date "2023.08.24"]
[Round "4"]
[White "Zawadzka, Jolanta"]
[Black "Imnadze, Nato"]
[Result "1-0"]
[WhiteElo "2347"]
[BlackElo "2222"]
[PlyCount "111"]
[EventDate "2023.08.21"]
[EventType "swiss"]
[EventRounds "9"]
[EventCountry "GRE"]
[SourceTitle "CBM 215 Extra"]
[Source "ChessBase"]
[SourceDate "2023.09.30"]
[SourceVersion "1"]
[SourceVersionDate "2023.09.30"]
[SourceQuality "1"]

1. e4 e5 2. Nf3 Nc6 3. Bc4 Bc5 4. c3 Nf6 5. d4 exd4 6. e5 d5 7. Be2 Ne4 8. cxd4 Bb4+ 9. Bd2 Nxd2 10. Nbxd2 a6 11. 0-0 Ba5 12. Rc1 0-0 13. Nb3 Bb6 14. Nc5 Ne7 15. Bd3 g6 16. h3 Bxc5 17. Rxc5 c6 18. Qd2 Kg7 19. a4 f6 20. Re1 fxe5 21. Nxe5 Nf5 22. Bxf5 Bxf5 23. Qb4 Rb8 24. Rc3 Qh4 25. Nf3 Qf6 26. Re7+ Rf7 27. Rxf7+ Qxf7 28. Rxc6 Re8 29. Rc3 Re7 30. Ne5 Qf6 31. Qa5 Qd6 32. Qc5 Qd8 33. a5 Be4 34. Qb6 Qxb6 35. axb6 Kf6 36. f3 Bf5 37. g4 Bb1 38. Kf2 g5 39. Rc8 Ba2 40. Kg3 Bb1 41. f4 gxf4+ 42. Kxf4 Ke6 43. g5 Be4 44. h4 Kd6 45. Rd8+ Ke6 46. Rf8 Kd6 47. Rf6+ Re6 48. Nf7+ Ke7 49. Rxe6+ Kxe6 50. Nd8+ Kd7 51. Nxb7 Kc6 52. Nc5 Bg6 53. b7 Kc7 54. Ke5 Bf7 55. Nxa6+ Kxb7 56. Nb4 1-0

[Event "Rhodes Summer Cup"]
[Site "Rhodes"]
[Date "2023.08.23"]
[Round "3"]
[White "Szalay Ocsak, Bank"]
[Black "Zawadzka, Jolanta"]
[Result "1/2-1/2"]
[WhiteElo "2182"]
[BlackElo "2347"]
[PlyCount "76"]
[EventDate "2023.08.21"]
[EventType "swiss"]
[EventRounds "9"]
[EventCountry "GRE"]
[SourceTitle "CBM 215 Extra"]
[Source "ChessBase"]
[SourceDate "2023.09.30"]
[SourceVersion "1"]
[SourceVersionDate "2023.09.30"]
[SourceQuality "1"]

1. e4 c6 2. d4 d5 3. e5 Bf5 4. h4 h5 5. Bd3 Bxd3 6. Qxd3 Qa5+ 7. Nd2 e6 8. Ngf3 Nh6 9. 0-0 Nf5 10. Nb3 Qa6 11. Qd1 b6 12. Bg5 c5 13. dxc5 Bxc5 14. c3 Nc6 15. Nbd4 Bxd4 16. cxd4 Rc8 17. Qd2 Kd7 18. Rfc1 Qa4 19. Be3 Nb4 20. Ng5 Ke7 21. Rc3 a5 22. Rac1 Qd7 23. a3 Rxc3 24. Rxc3 Nc6 25. Rb3 Qb7 26. Qc3 Rc8 27. Qc5+ bxc5 28. Rxb7+ Ke8 29. dxc5 Nxe5 30. b4 axb4 31. axb4 d4 32. Bf4 d3 33. Ne4 Nc4 34. Bg5 f6 35. Bxf6 gxf6 36. Nxf6+ Kf8 37. Nh7+ Kg8 38. Nf6+ Kf8 1/2-1/2

[Event "Rhodes Summer Cup"]
[Site "Rhodes"]
[Date "2023.08.21"]
[Round "1"]
[White "Doukas, Nikolaos"]
[Black "Zawadzka, Jolanta"]
[Result "0-1"]
[WhiteElo "1161"]
[BlackElo "2347"]
[PlyCount "50"]
[EventDate "2023.08.21"]
[EventType "swiss"]
[EventRounds "9"]
[EventCountry "GRE"]
[SourceTitle "CBM 215 Extra"]
[Source "ChessBase"]
[SourceDate "2023.09.30"]
[SourceVersion "1"]
[SourceVersionDate "2023.09.30"]
[SourceQuality "1"]

1. e4 Nc6 2. d4 d5 3. exd5 Qxd5 4. Nf3 Bg4 5. Nc3 Qf5 6. Be2 Nb4 7. Bb5+ c6 8. Ba4 Bxf3 9. gxf3 0-0-0 10. a3 Na6 11. d5 Nf6 12. Qd3 Qxd3 13. cxd3 Nxd5 14. d4 g6 15. Nxd5 Rxd5 16. Be3 Nc7 17. 0-0-0 Bg7 18. Bb3 Rd7 19. Rd2 e6 20. a4 Nd5 21. Rg1 Ne7 22. Rg4 Nf5 23. Rd1 Bf6 24. Bc2 Rhd8 25. Bxf5 exf5 0-1

[Event "POL Superleague Rapid"]
[Site "Poland"]
[Date "2023.06.07"]
[Round "10.4"]
[White "Lach, Aleksandra"]
[Black "Zawadzka, Jolanta"]
[Result "1/2-1/2"]
[WhiteElo "2184"]
[BlackElo "2348"]
[PlyCount "130"]
[EventDate "2023.04.04"]
[EventType "team-tourn (rapid)"]
[EventRounds "14"]
[EventCountry "POL"]
[SourceTitle "EXT 2024"]
[Source "ChessBase"]
[SourceDate "2023.10.10"]
[SourceVersion "1"]
[SourceVersionDate "2023.10.10"]
[SourceQuality "1"]
[WhiteTeam "Gorzow Wielkopolski Stilon"]
[BlackTeam "Wroclaw Polonia"]
[WhiteTeamCountry "POL"]
[BlackTeamCountry "POL"]

1. e4 c5 2. Nf3 Nc6 3. g3 g6 4. Bg2 Bg7 5. 0-0 e6 6. c3 Nge7 7. d4 cxd4 8. cxd4 d5 9. e5 0-0 10. Nc3 Nf5 11. Ne2 f6 12. g4 Nfe7 13. exf6 Bxf6 14. Bh6 Re8 15. Qd2 Bd7 16. h3 Nc8 17. Bf4 Qe7 18. Rfe1 Qb4 19. Rad1 Nb6 20. b3 Rac8 21. Qd3 Qf8 22. Rc1 Bg7 23. Qd2 Qb4 24. Qd1 Ne7 25. Be5 Bb5 26. Bxg7 Kxg7 27. Nf4 Bd7 28. Nxe6+ Bxe6 29. Rxe6 Nc6 30. Rxe8 Rxe8 31. Qd3 Nd7 32. g5 Qd6 33. Re1 Rxe1+ 34. Nxe1 Qf4 35. Qe3 Qxd4 36. Qxd4+ Nxd4 37. Bxd5 b6 38. Nd3 Ne2+ 39. Kf1 Nc3 40. Be6 Nf8 41. Bc4 Nxa2 42. b4 Nc3 43. f3 b5 44. Bb3 Nd7 45. Ke1 Nb6 46. Nf4 Kf8 47. Kd2 Nca4 48. Ne6+ Ke7 49. Nc7 Nc4+ 50. Ke2 Nd6 51. Ke3 Nb6 52. Nd5+ Nxd5+ 53. Bxd5 Nf5+ 54. Ke4 Kd6 55. Bg8 Ne7 56. Bxh7 Ke6 57. f4 Kf7 58. h4 Kg7 59. Bxg6 Kxg6 60. Ke5 Nc6+ 61. Kd5 Nxb4+ 62. Kc5 Nd3+ 63. Kxb5 Nxf4 64. Ka6 Ng2 65. Kxa7 Nxh4 1/2-1/2

[Event "POL-ch (Women)"]
[Site "Warsaw"]
[Date "2023.04.19"]
[Round "8"]
[White "Zawadzka, Jolanta"]
[Black "Kashlinskaya, Alina"]
[Result "1/2-1/2"]
[WhiteElo "2350"]
[BlackElo "2483"]
[PlyCount "69"]
[EventDate "2023.04.12"]
[EventType "tourn"]
[EventRounds "9"]
[EventCountry "POL"]
[EventCategory "4"]
[SourceTitle "CBM 213 Extra"]
[Source "ChessBase"]
[SourceDate "2023.05.31"]
[SourceVersion "1"]
[SourceVersionDate "2023.05.31"]
[SourceQuality "1"]

1. e4 e5 2. Nf3 Nc6 3. Nc3 Nf6 4. d4 exd4 5. Nxd4 Bb4 6. Nxc6 bxc6 7. Bd3 0-0 8. 0-0 d5 9. exd5 cxd5 10. Bg5 Be6 11. Qf3 h6 12. Bxf6 Qxf6 13. Qxf6 gxf6 14. Ne2 c5 15. c3 Ba5 16. Nf4 Rab8 17. Rab1 Rb6 18. c4 dxc4 19. Nxe6 Rxe6 20. Bxc4 Re4 21. Rbc1 Rd8 22. Rc2 Rd2 23. Rxd2 Bxd2 24. b3 a5 25. Rd1 Re1+ 26. Rxe1 Bxe1 27. Kf1 Bb4 28. Ke2 Kf8 29. Ke3 Bc3 30. Ke4 Be1 31. f4 Bd2 32. g3 Bc3 33. Kd5 Bb4 34. Kd6 Ba3 35. Kd5 1/2-1/2

[Event "POL Superleague Rapid"]
[Site "Poland"]
[Date "2023.04.04"]
[Round "1.12"]
[White "Zawadzka, Jolanta"]
[Black "Leks, Maria"]
[Result "1-0"]
[WhiteElo "2350"]
[BlackElo "2098"]
[PlyCount "79"]
[EventDate "2023.04.04"]
[EventType "team-tourn (rapid)"]
[EventRounds "14"]
[EventCountry "POL"]
[SourceTitle "CBM 213 Extra"]
[Source "ChessBase"]
[SourceDate "2023.05.31"]
[SourceVersion "1"]
[SourceVersionDate "2023.05.31"]
[SourceQuality "1"]
[WhiteTeam "Wroclaw Polonia"]
[BlackTeam "Krakow Dwie Wieze"]
[WhiteTeamCountry "POL"]
[BlackTeamCountry "POL"]

1. e4 e5 2. Nf3 Nc6 3. Bc4 Nf6 4. d3 Be7 5. 0-0 d6 6. a3 0-0 7. Nc3 Nd7 8. Nd5 Nb6 9. Ba2 Kh8 10. Ne3 Be6 11. c3 d5 12. Qe2 d4 13. Nf5 Bxf5 14. exf5 Bf6 15. Nd2 Ne7 16. g4 Ned5 17. Ne4 dxc3 18. bxc3 Nf4 19. Bxf4 exf4 20. Qf3 Na4 21. d4 c5 22. Bb3 Nxc3 23. Nxc3 Bxd4 24. Rac1 Qa5 25. a4 a6 26. Ne2 Bb2 27. Rc2 Be5 28. Qxb7 Rab8 29. Qd5 Qb4 30. Qxe5 Qxb3 31. Rc3 Qxa4 32. f6 g6 33. Qxf4 Rb4 34. Qh6 Rxg4+ 35. Ng3 Rg8 36. Rxc5 Rh4 37. Qg5 Rg4 38. Qd5 Rf8 39. Qxf7 Rg8 40. Rc8 1-0

[Event "EU-ch (Women) 23rd"]
[Site "Petrovac"]
[Date "2023.03.28"]
[Round "10"]
[White "Zawadzka, Jolanta"]
[Black "Sliwicka, Alicja"]
[Result "0-1"]
[WhiteElo "2391"]
[BlackElo "2272"]
[PlyCount "88"]
[EventDate "2023.03.18"]
[EventType "swiss"]
[EventRounds "11"]
[EventCountry "MNE"]
[SourceTitle "CBM 213 Extra"]
[Source "ChessBase"]
[SourceDate "2023.05.31"]
[SourceVersion "1"]
[SourceVersionDate "2023.05.31"]
[SourceQuality "1"]

1. e4 c5 2. Nf3 d6 3. Bb5+ Bd7 4. Bxd7+ Qxd7 5. 0-0 Nc6 6. Re1 e6 7. d4 cxd4 8. Nxd4 Nf6 9. c4 Be7 10. Nc3 0-0 11. b3 Rfd8 12. Bb2 Rac8 13. Qd2 a6 14. a4 Qc7 15. Rad1 Qb6 16. Na2 Nxd4 17. Bxd4 Qxb3 18. Rb1 Qxa4 19. Rxb7 Rxc4 20. Nb4 e5 21. Ba1 Nxe4 22. Qd5 Rxb4 23. Rxe7 Qb3 24. Rxe5 Qxd5 25. Rxd5 f6 26. f3 Nc5 27. Bc3 Rb3 28. Rc1 Rb5 29. Ra1 Na4 30. Rd3 Nc5 31. Rdd1 Kf7 32. Ba5 Rd7 33. Ra3 d5 34. Be1 Ke6 35. Bf2 a5 36. Re3+ Kf7 37. Rc3 Nb3 38. Rc2 d4 39. Be1 d3 40. Rb2 a4 41. Bd2 a3 42. Ra2 Nxd2 43. Rdxd2 Rb2 44. Kf2 Rxa2 0-1

[Event "EU-ch (Women) 23rd"]
[Site "Petrovac"]
[Date "2023.03.22"]
[Round "5"]
[White "Koridze, Lile"]
[Black "Zawadzka, Jolanta"]
[Result "0-1"]
[WhiteElo "2122"]
[BlackElo "2391"]
[PlyCount "80"]
[EventDate "2023.03.18"]
[EventType "swiss"]
[EventRounds "11"]
[EventCountry "MNE"]
[SourceTitle "CBM 213 Extra"]
[Source "ChessBase"]
[SourceDate "2023.05.31"]
[SourceVersion "1"]
[SourceVersionDate "2023.05.31"]
[SourceQuality "1"]

1. d4 d5 2. c4 Nc6 3. e3 Nf6 4. Nc3 dxc4 5. Bxc4 e5 6. Nge2 Bd6 7. h3 0-0 8. 0-0 a6 9. d5 Ne7 10. e4 Nh5 11. a3 Ng6 12. Ng3 Nhf4 13. Nf5 b5 14. Bb3 Qf6 15. Bc2 Ne7 16. Bxf4 exf4 17. Nxd6 cxd6 18. e5 Qxe5 19. Re1 Qf6 20. Ne4 Qh6 21. Qf3 Nf5 22. Qd3 Bd7 23. Nc3 Nh4 24. Bd1 Bf5 25. Qf1 Qg6 26. Kh2 Rae8 27. g3 Bd3 28. Qg1 fxg3+ 29. fxg3 Nf5 30. Bf3 h5 31. Qf2 h4 32. g4 Ng3 33. Rxe8 Rxe8 34. Re1 Rxe1 35. Qxe1 Qf6 36. Kg2 Bf1+ 37. Kf2 Bxh3 38. Qe8+ Kh7 39. Ke3 Qg5+ 40. Kd3 Bxg4 0-1

[Event "EU-ch (Women) 23rd"]
[Site "Petrovac"]
[Date "2023.03.18"]
[Round "1"]
[White "Petrova, Irina"]
[Black "Zawadzka, Jolanta"]
[Result "1-0"]
[WhiteElo "2123"]
[BlackElo "2391"]
[PlyCount "63"]
[EventDate "2023.03.18"]
[EventType "swiss"]
[EventRounds "11"]
[EventCountry "MNE"]
[SourceTitle "CBM 213 Extra"]
[Source "ChessBase"]
[SourceDate "2023.05.31"]
[SourceVersion "1"]
[SourceVersionDate "2023.05.31"]
[SourceQuality "1"]

1. e4 c5 2. Nf3 e6 3. b3 Nc6 4. Bb5 d6 5. Bxc6+ bxc6 6. 0-0 g6 7. Bb2 e5 8. c3 Bg7 9. d4 exd4 10. cxd4 Bg4 11. Nbd2 cxd4 12. Nc4 c5 13. e5 dxe5 14. Ncxe5 Bxe5 15. Qe1 Bxf3 16. Qxe5+ Qe7 17. Qxh8 Qg5 18. g3 0-0-0 19. Rac1 Bc6 20. Ba3 Ne7 21. Rxc5 Qg4 22. Qf6 Qe4 23. f3 Qe3+ 24. Kg2 Rd7 25. Rxc6+ Nxc6 26. Qxc6+ Rc7 27. Qa6+ Kd8 28. Rf2 d3 29. Bb4 Rc2 30. Qd6+ Ke8 31. Rxc2 dxc2 32. Qc6+ 1-0